Stilwandlungen und Irrungen in den angewandten Künsten /

Hlavní autor: Hartmann, Karl Otto, 1861-1934
Jazyk: Němčina
Vydáno: München ; Berlin : R. Oldenbourg, 1916
Témata:
Fyzický popis: viii, 89 s. ; 8°
Knihy
Uloženo v:
LEADER 00817cam a22002412a 4500
001 001921848
003 CZ BrMZK
005 20250116095119.0
007 ta
008 250116s1916 gw er|||||||||||ger d
040 |a LIE302  |b cze  |d BOA001  |e aacr2 
072 7 |a 72/76  |x Výtvarné umění  |2 Konspekt  |9 21 
100 1 |a Hartmann, Karl Otto,  |d 1861-1934  |7 mzk20221161244  |4 aut 
245 1 0 |a Stilwandlungen und Irrungen in den angewandten Künsten /  |c von Karl O. Hartmann 
260 |a München ;  |a Berlin :  |b R. Oldenbourg,  |c 1916 
300 |a viii, 89 s. ;  |c 8° 
650 0 7 |a teorie umění  |7 ph126574  |2 czenas 
655 7 |a studie  |7 fd133597  |2 czenas 
910 |a BOA001  |b 2-0182.659 
990 |a BK 
993 |a Y 
991 |b 202501 
996 6 |b 2618783725  |c 2-0182.659  |l MZK  |r Sklad / do 24 hodin  |n 0  |w 001991222  |u 000010  |a 1  |e BOA001  |j MZK50  |s P